NBA Rebound Leaders Since 2000 - Statistics

General Stats
  • This quiz has been taken 58 times
  • The average score is 17 of 25
Answer Stats
Year Players Rebounds % Correct
11-12 Dwight Howard 785
88%
09-10 Dwight Howard 1082
88%
08-09 Dwight Howard 1093
88%
07-08 Dwight Howard 1161
88%
06-07 Dwight Howard 1008
88%
05-06 Dwight Howard 1022
88%
21-22 Nikola Jokić 1019
88%
18-19 Andre Drummond 1232
79%
17-18 Andre Drummond 1247
79%
16-17 Andre Drummond 1115
79%
15-16 Andre Drummond 1198
79%
20-21 Rudy Gobert 960
76%
19-20 Rudy Gobert 916
76%
01-02 Tim Duncan 1042
74%
04-05 Kevin Garnett 1108
64%
03-04 Kevin Garnett 1139
64%
23-24 Domantas Sabonis 1120
62%
22-23 Domantas Sabonis 973
62%
02-03 Ben Wallace 1126
57%
00-01 Ben Wallace 1052
57%
14-15 DeAndre Jordan 1226
57%
13-14 DeAndre Jordan 1114
57%
10-11 Kevin Love 1112
55%
24-25 Ivica Zubac 1010
29%
12-13 Ömer Aşık 956
5%
No matching quizzes found
Score Distribution
Percent of People with Each Score
Percentile by Number Answered
Your Score History
You have not taken this quiz